000 00415nam a2200145 4500
001 126996
003 ES-MaACL
005 20230906192925.0
007 t|
008 070214s1918 pr r ||||1| spa d
100 1 _aRibera, José Joaquín.
_996778
245 1 0 _aElegías románticas
_b: poesías /
_cJosé Joaquín Ribera.
260 _aSan Juan de Puerto Rico :
_b[s. n.],
_c1918.
852 _aES-MaACL
_j1550-F-14
999 _c126996
_d126996